| 000 | 00473cam a2200181ua 4500 | ||
|---|---|---|---|
| 020 | _c595.00 | ||
| 041 |
_aeng _h |
||
| 082 |
_a691 _bFLI/EN |
||
| 100 | _aFlinn, Richard A . | ||
| 245 |
_aEngineering materials and their applications / _cRichard A Flinn. _hTextual Documents |
||
| 260 |
_aMumbai : _bJaico Publishing House , _c2005. |
||
| 300 | _a ; . | ||
| 365 | _a595.00 | ||
| 504 | _a | ||
| 700 | 1 | _aTrojan, Paul K . | |
| 942 | _cBK | ||
| 999 |
_c13482 _d13482 |
||